000
00294nam a2200133Ia 4500
100
_a
Thatte/ V.N.
650
_a
Electrical Engineering
942
_c
BK
654
_a
Electrical engg.
245
_a
Electrical Engg.
260
_b
Vrinda pub.
_a
Jalgaon
_c
1989
546
_a
ENGLISH
999
_c
25877
_d
25877